000 00569nam a22002297a 4500
003 UA-OsUOA
001 36242
007 ta
008 20060711b un ||||| |||| 00| 0 ukr d
100 _aКо В.
090 _a08-94(477)
_bК55
942 _cBK
040 _aUA-OsUOA
_bukr
_cUA-OsUOA
_dUA-OsUOA
245 _aВсе для себе, а що для України?
300 _a61 с.
955 _a1
041 _aukr
080 _a08-94(477)
260 _aН.-Й.
_c1952
650 7 _a08 Видання. Колективні праці
_2UDC
999 _c434771
_d434771